PRINCIPAL& PRACTICE OF MANAGEMENT (Record no. 16295)
[ view plain ]
| 000 -LEADER | |
|---|---|
| fixed length control field | 00294nam a22001337a 4500 |
| 003 - CONTROL NUMBER IDENTIFIER | |
| control field | SGT |
| 020 ## - INTERNATIONAL STANDARD BOOK NUMBER | |
| International Standard Book Number | 9788177002157 |
| 082 ## - DEWEY DECIMAL CLASSIFICATION NUMBER | |
| Classification number | 658 CHH |
| Item number | CHH |
| 100 ## - MAIN ENTRY--PERSONAL NAME | |
| Personal name | CHHABRA,T.N |
| 245 ## - TITLE STATEMENT | |
| Title | PRINCIPAL& PRACTICE OF MANAGEMENT |
| 260 ## - PUBLICATION, DISTRIBUTION, ETC. (IMPRINT) | |
| Name of publisher, distributor, etc | DHANPAT RAI & CO |
| Year of Publication | 2018 |
| 300 ## - PAGE DESCRIPTION | |
| No. of Pages | 894 |
| 942 ## - ADDED ENTRY ELEMENTS (KOHA) | |
| Source of classification or shelving scheme | Dewey Decimal Classification |
| Koha item type | Books |
| 942 ## - ADDED ENTRY ELEMENTS (KOHA) | |
| -- | 5 |
| Withdrawn status | Lost status | Source of classification or shelving scheme | Damaged status | Not for loan | Collection code | Home library | Current library | Date acquired | Vendor Name | Cost, normal purchase price | SGTU | Bill Number | Total Checkouts | Full call number | Accession No. (Barcode) | Date last seen | Date last borrowed | Bill Date | Koha item type |
|---|---|---|---|---|---|---|---|---|---|---|---|---|---|---|---|---|---|---|---|
| Dewey Decimal Classification | COMMERCE MANAGEMENT | SGT Science & Social Sciences Library | SGT Science & Social Sciences Library | 13/12/2018 | KIRTI PARKASHAN | 350.00 | SGTU | IN1748 | 21 | 658 CHH | CM5020 | 07/01/2025 | 17/12/2024 | Books | |||||
| Dewey Decimal Classification | COMMERCE MANAGEMENT | SGT Science & Social Sciences Library | SGT Science & Social Sciences Library | 13/12/2018 | KIRTI PARKASHAN | 350.00 | SGTU | IN1748 | 11 | 658 CHH | CM5021 | 17/01/2023 | 05/01/2023 | Books | |||||
| Dewey Decimal Classification | COMMERCE MANAGEMENT | SGT Science & Social Sciences Library | SGT Science & Social Sciences Library | 13/12/2018 | KIRTI PARKASHAN | 350.00 | SGTU | IN1748 | 15 | 658 CHH | CM5022 | 15/02/2024 | 14/02/2024 | Books |